01656nac a22003731u 4500006001900000008004100019010001700060020005200077020001800129035002300147040003000170082001800200100003400218245005800252250001200310260006000322300005900382500002200441590002100463650003000484650003000514650002900544650003600573650002800609651001000637653002300647856007800670942002500748999001500773952012700788952011500915952012001030952013201150m||||f ||z| 00| 0 090302t2006 maua fr 001 0 eng d a 2005010054 a1584503815 (hardcover with cd-rom : alk. paper) a9781584503811 a(OCoLC)ocm59401093 aEG-ScBUE bengcEG-ScBUE 04a621.3822bBOU1 aBoulet, Benoit, 10aFundamentals of signals and systems /cBenoit Boulet. a1st ed. aHingham, Mass. :bDa Vinci Engineering Press,cc. 2006. axvii, 670 p. :bill. ;c25 cm +e1 CD-ROM (4 3/4 in.). aIndex: p.665-670. aMohamed Hussein  0aSignal processing.2BUEsh 0aSignal generators.2BUEsh 0aElectric filters.2BUEsh 0aSignal detection.2BUEsh923315 0aSystem analysis.2BUEsh 2BUEsh bENGELCcAugust2015413Table of contentsuhttp://www.loc.gov/catdir/toc/ecip0511/2005010054.html cBBk621.3822BEN2ddc c4955d4955 00102ddc40708 aMAINbMAINc1STd2007-10-03epurchasel1o621.3822 BENp000005992r2025-07-15 00:00:00s2009-11-18yBB 00102ddc40708 aMAINbMAINc1STd2009-03-02epurchasel0o621.3822 BENp000006331r2025-07-15 00:00:00yNB 00102ddc40708 aMAINbMAINc1STd2009-03-02epurchasel0o621.3822 BENp000007617r2022-08-24 00:00:00yCDVDWBB 00102ddc40708 aMAINbMAINc1STd2009-03-02epurchasel1o621.3822 BENp000007618r2022-08-24 00:00:00s2009-11-18yCDVDWNB